| Поле | Инд. | ПП | Название | Значение |
|---|---|---|---|---|
| Тип записи | a | |||
| Библиографический уровень | m | |||
| 001 | Контрольный номер | RU/IS/BASE/402486743 | ||
| 005 | Дата корректировки | 20140703204407.6 | ||
| 040 | a | Служба первич. каталог. | НБ ТвГУ | |
| b | Код языка каталог. | rus | ||
| e | Правила каталог. | PSBO | ||
| 041 | 0_ | a | Код языка текста | rus |
| 080 | a | Индекс УДК | 80(082) | |
| 084 | a | Индекс другой классификации/Индекс ББК | Ш.я431 | |
| 090 | a | Полочн. индекс | Ш.я431 | |
| x | Авторский знак | А 43 | ||
| 111 | a | Наименов. мероприятия | Актуальные проблемы филологии в ВУЗе и школе. Конференция ученых-филологов и школьных учителей. Программа | |
| c | Место мероприятия | Тверь | ||
| d | Дата мероприятия | 2002 | ||
| 245 | 00 | a | Заглавие | Программа конференции ученых-филологов и школьных учителей "Актуальные проблемы филологии в ВУЗе и школе", [Тверь], 12-13 апреля 2002 г. |
| c | Ответственность | Твер. гос. ун-т, Филол. фак. | ||
| 260 | a | Место издания | Тверь | |
| b | Издательство | Тверской государственный университет | ||
| c | Дата издания | 2002 | ||
| 300 | a | Объем | 7 с. | |
| 653 | a | Ключевые слова | Конференции | |
| a | Ключевые слова | Литература | ||
| a | Ключевые слова | Литературоведение | ||
| a | Ключевые слова | Преподавание филологии | ||
| a | Ключевые слова | Филология | ||
| a | Ключевые слова | Филология в вузе | ||
| a | Ключевые слова | Филология в школе | ||
| a | Ключевые слова | Языкознание | ||
| 710 | a | Организация/ юрисдикция | Тверской государственный университет | |
| 901 | t | Тип документа | m | |
| 920 | a | Оператор | Густ | |
| a | Оператор | Стро | ||
| 930 | a | Новая/Ретро | программы | |
| 952 | c | Вид литературы | Б у | |
| 954 | a | Дата поступления на обработку | 20130123 | |
| c | Дата окончания ОНО | 20130617 |